| 000 | 01609nam0a22002891 4500 | ||
|---|---|---|---|
| 001 | rc\3541727 | ||
| 005 | 20250610033730.0 | ||
| 021 |
_aRU _b[69-48004] |
||
| 035 | _a(NLR Aleph) 007669807 | ||
| 090 |
_a6421542 _c6421542 |
||
| 100 | _a20130115d1969 |||y0rusy50 ca | ||
| 101 | 0 | _arus | |
| 102 | _aRU | ||
| 105 | _ay z ||||| | ||
| 200 | 1 |
_aВопросы антэкологии _eМатериалы к Симпозиуму по антэкологии. 26-30 мая 1969 г. г. Пермь _f[Отв. ред. В.Ф. Шамурин] _g[АН СССР. Науч. совет по проблеме "Биол. основы рацион. использования, преобразования и охраны растит. мира". Всесоюз. ботан. о-во. (Перм. отд-ние). М-во высш. и сред. спец. образования РСФСР. Перм. ордена Трудового Красного Знамени гос. ун-т им. А.М. Горького] |
|
| 210 |
_aЛенинград _cНаука. Ленингр. отд-ние _d1969 |
||
| 215 |
_a74 с. _d20 |
||
| 606 |
_aРастения _xОпыление _xВлияние внешних факторов _jСборники _2psbo |
||
| 606 |
_aРастения _xЦветение _xВлияние внешних факторов _jСборники _2psbo |
||
| 702 | 1 |
_aШамурин _bВ.Ф. _4340 |
|
| 712 | 1 | 2 | _aСимпозиум по антэкологии (1969; Пермь) |
| 801 | 0 |
_aRU _bNLR _gpsbo |
|
| 801 | 1 |
_aRU _bELAR _2rusmarc |
|
| 852 |
_aNLR _j69-4/13745 |
||
| 942 | _cBOOK | ||
| 980 | _aNB | ||